000 00946nam a22003017a 4500
003 CHAP
005 20220329135657.0
008 971013s1981 r 00010 d
010 _a40410
011 _a41382
035 _a45508
040 _cCHAP
082 _a631.45
_bM6
100 0 0 _aMorgan, P. P. C.
_eed.
_978800
245 _aSoil conservation
_b: problems and prospects
260 _aChichester, England :
_bWiley,
_c1981
300 _a576 p
490 _aWiley - Interscience publication
590 _aBATCH-UPD
_b10
_c20130110
_lUCH01
_h2005
590 _aBATCH-UPD
_b10
_c20130410
_lUCH01
_h1235
590 _aBATCH-UPD
_b10
_c20130914
_lUCH01
_h1831
590 _aCONVERSION
_b10
_c20130109
_lUCH01
_h1322
650 1 4 _aSuelos
_xConservación.
_9110283
830 0 _aWiley - Interscience publication
_9121934
901 _aBK
942 _cLIBRO
949 _a631.45 M6
_bBC
_cLIBRO
_d33724000917522
_eLIBRO
_h57954
_i45508
_mDirecto
_si
_t2.66
999 _c40410
_d40410